Asset markets, exchange rates, and economic integration (Record no. 35183)

MARC details
000 -LEADER
fixed length control field 00503nam a2200133 a 4500
008 - FIXED-LENGTH DATA ELEMENTS--GENERAL INFORMATION
fixed length control field 120416s1980 ||||||||||||||||| || u
050 ## - LIBRARY OF CONGRESS CALL NUMBER
Classification number HG 3881 All
100 ## - MAIN ENTRY--PERSONAL NAME
Personal name Allen, Polly Reynolds
245 10 - TITLE STATEMENT
Title Asset markets, exchange rates, and economic integration
246 ## - VARYING FORM OF TITLE
Title proper/short title a synthesis
260 ## - PUBLICATION, DISTRIBUTION, ETC.
Place of publication, distribution, etc. Cambridge
Name of publisher, distributor, etc. Univ. Press
Date of publication, distribution, etc. 1980
350 ## - PRICE (NR) (BK AM CF MU VM SE) [OBSOLETE]
Price 0.00
995 ## - RECOMMENDATION 995 [LOCAL, UNIMARC FRANCE]
-- 0.00
-- CBU-MAIN LIBRARY (Kitwe)
-- 1
-- 40.00
-- 1
-- AVAILABLE
-- Main Library Open Access Collection
Holdings
Withdrawn status Lost status Source of classification or shelving scheme Damaged status Not for loan Home library Current library Shelving location Date acquired Total Checkouts Full call number Barcode Date last seen Price effective from Koha item type
          CBU-MAIN LIBRARY, KITWE. CBU-MAIN LIBRARY, KITWE.   11/30/2022   HG 3881 All 007764 11/30/2022 11/30/2022 MONOGRAPH